000 00530nmm a2200193Ia 4500
008 251105s9999||||xx |||||||||||||||||und||
020 _a9788498414592
041 _aspa
100 _aPerrot, Michelle
245 0 _aHistoria de las alcobas
264 _a[Madrid, España] :
_bSiruela,
_c2011
300 _a512 páginas
490 _aEl ojo del tiempo
650 _aCultural Studies
700 _aPerrot, Michelle
700 1 _a Junquera, Ernesto
856 _uhttps://public.digitaliapublishing.com/a/32023
942 _cCF
999 _c69977
_d69977